Every Airport in Aeronautica - Statistics

General Stats
  • This quiz has been taken 22 times
  • The average score is 47 of 202
Answer Stats
Continent Type Visible Answer % Correct
Kyokkou International Yes Al Tak International Airport
77%
Oconia International Yes Clarence International Airport
77%
Oconia International Yes Harden International
77%
Alavega International Yes Cantaloa International Airport
69%
Oconia Large Yes Oconee Island Airport
69%
Kyokkou International Yes Meihua International Airport
62%
Avalon International Yes Sandris International Airport
62%
Avalon International Yes Valois International
62%
Oconia Large Yes Fiskar Island Airport
54%
Kyokkou International Yes Jepo International Airport
54%
Oconia International Yes Kitesboro International Airport
54%
Tselinoyarsk International Yes Leovetsk International Airport
54%
Avalon International Yes Rawaki International Airport
54%
Aesir Small Yes Tomfoolery Airfield
54%
Avalon Large Yes Anhedral City Airport
46%
Avalon International Yes Anhedral International Airport
46%
Aesir Small Yes Cygnus Aerolympics Field
46%
Aesir International Yes Enoksen International Airport
46%
Kyokkou Military Yes Horomoto AFB
46%
Avalon Military Yes Lionham AFB
46%
Oconia Military Yes Lynwood JAFB
46%
Oconia International Yes Norman International Airport
46%
Aesir International Yes Öskuflói International Airport
46%
Aesir Large Yes Tikaranto City Airport
46%
Aesir International Yes Tikaranto International Airport
46%
Kyokkou International Yes Umibutsu International Airport
46%
Oconia Small Yes Webley Island
46%
Alavega Small No A Cabana Totalmente Escondida do Tom
38%
Avalon Large Yes Auchenburgh Airport
38%
Oconia Large Yes Augustus Atoll Airport
38%
Kyokkou International Yes Bilabadi International Airport
38%
Oconia Heliport Yes Clarence Heliport
38%
Avalon Large Yes Corbaun Airport
38%
Oconia Small Yes Eagle Island Estate
38%
Eisenyarsk Military Yes Eisenhardt AFB
38%
Eisenyarsk Large Yes Eisenhardt Municipal Airport
38%
Oconia Small Yes Gaston Airfield
38%
Avalon Large Yes Gutke Regional Airport
38%
Kyokkou Large Yes Kapa Airport
38%
Oconia Large Yes Kauwela Resort Airport
38%
Aesir Large Yes Kyrro Regional Airport
38%
Oconia Large Yes Lynwood Municipal Airport
38%
Oconia Large Yes New Englandtown Regional Airport
38%
Avalon Large Yes Oakport Airport
38%
Oconia Small Yes Pembroke Plantation
38%
Aesir International Yes Riziere International Airport
38%
Aesir Military Yes Seraphim Remnant Facility
38%
Oconia Small Yes Tom's Totally Legitimate Gambling Establishment
38%
Kyokkou International Yes Udyanapura Merlani International Airport
38%
Aesir International Yes Venfjord International Airport
38%
Avalon Large Yes Amaras Regional Airport
31%
Oconia Small Yes Hampden Field
31%
Avalon Large Yes Himmelsberg Airport
31%
Alavega Large Yes Hipe Airport
31%
Kyokkou Large Yes Horata Airport
31%
Aesir Small Yes Kepler IVb Research Station
31%
Kyokkou Military Yes Kibo Space Center
31%
Tselinoyarsk Small Yes Northiachev Experimental Works
31%
Tselinoyarsk Military Yes Novoaralsk AFB
31%
Avalon (officially) Military Yes OSS Lernivo
31%
Kyokkou Large Yes Radang International Airport
31%
Oconia Large Yes Saint Baralku Airport
31%
Alavega Large Yes Santa Mortica Airport
31%
Avalon Large Yes Seilam Airport
31%
Kyokkou Large Yes Suli International Airport
31%
Kyokkou Large Yes Tenang Island Airport
31%
Oconia Heliport Yes WomOil Rig 01
31%
Oconia Heliport Yes WomOil Rig 02
31%
Oconia Heliport Yes WomOil Rig 03
31%
Oconia Heliport Yes WomOil Rig 04
31%
Oconia Heliport Yes WomOil Rig 05
31%
Oconia Heliport Yes WomOil Rig 06
31%
Oconia Heliport Yes WomOil Rig 07
31%
Oconia Heliport Yes WomOil Rig 08
31%
Oconia Heliport Yes WomOil Rig 09
31%
Oconia Heliport Yes WomOil Rig 10
31%
Oconia Heliport Yes WomOil Rig 11
31%
Oconia Heliport Yes WomOil Rig 12
31%
Oconia Heliport Yes WomOil Rig 13
31%
Avalon Large Yes Yuripa International
31%
Aesir Large Yes Aktanes Regional Airport
23%
Aesir Large Yes Asgard Regional Airport
23%
Avalon Large Yes Capriano Airport
23%
Oconia Large Yes Castle Atoll Airport
23%
Alavega Small Yes Doura Airstrip
23%
Avalon Large Yes Ebenrau Regional Airport
23%
Alavega Large Yes Grafoso Regional Airport
23%
Avalon Large Yes Hemeos Airport
23%
Isolated Small Yes Hemera Sound Airfield
23%
Kyokkou Large Yes Kashio Airport
23%
Avalon Small Yes Manleigh Airfield
23%
Oconia Small Yes Millsho Estate
23%
Aesir Small Yes Nordspyd Arctic Airfield
23%
Alavega Large Yes Ondeloz Regional Airport
23%
Avalon Large Yes Pavlada Airport
23%
Avalon Heliport Yes Petroil Rig 01
23%
Avalon Heliport Yes Petroil Rig 02
23%
Avalon Heliport Yes Petroil Rig 03
23%
Avalon Heliport Yes Petroil Rig 04
23%
Avalon Heliport Yes Petroil Rig 05
23%
Avalon Heliport Yes Petroil Rig 06
23%
Avalon Heliport Yes Petroil Rig 07
23%
Avalon Heliport Yes Petroil Rig 08
23%
Avalon Heliport Yes Petroil Rig 09
23%
Avalon Heliport Yes Petroil Rig 10
23%
Avalon Heliport Yes Petroil Rig 11
23%
Avalon Heliport Yes Petroil Rig 12
23%
Avalon Heliport Yes Petroil Rig 13
23%
Avalon Large Yes Porto Menezes Airport
23%
Oconia Small Yes Primia Island Seaport
23%
Tselinoyarsk Large Yes Riskhorosh Regional Airport
23%
Aesir Military Yes Ryvinsk Air Base
23%
Oconia Heliport Yes The Dockhouse
23%
Aesir Small Yes Unity Transport Hub
23%
Kyokkou International Yes Yunzhou Beihai International Airport
23%
Oconia Small Yes Ardmore Aerodrome
15%
Avalon Small Yes Braekirk Airfield
15%
Avalon Small Yes Cheshire Aerodrome
15%
Oconia Hospital Yes Clarence General Hospital
15%
Kyokkou Small Yes Donsaba Airfield
15%
Aesir Large Yes Einangrun Regional Airport
15%
Aesir Hospital Yes Enoksen University Hospital
15%
Alavega Large Yes Fidalgueira Airport
15%
Aesir Small Yes Jotunfrost Seaplane Base
15%
Alavega Large Yes Kaieteur Airport
15%
Aesir Small Yes Kjerstin Field
15%
Tselinoyarsk Hospital Yes Leovetsk General Hospital
15%
Aesir Heliport No Lofn Radar Station
15%
Oconia Hospital Yes Norman Hospital Helipad
15%
Aesir Small Yes Northern Stone Works Gravel Strip
15%
Oconia Hospital Yes Oconee Clinic Helipad
15%
Avalon Small Yes Raphael Airfield
15%
Aesir Large Yes Solada Scrapyard Airport
15%
Avalon Small Yes Tarquay Airfield
15%
Kyokkou Small No Tenera Palm Airfield
15%
Oconia Small No Tom's Totally Legitimate Aircraft Hangar
15%
Avalon Small Yes Torchevel Airstrip
15%
Avalon Large Yes Unserdan Regional Airport
15%
Aesir Heliport Yes Voyageur Polytechnique - Tourangeau Heliport
15%
Tselinoyarsk Military No Admiral Varyag
8%
Avalon Small Yes Ahrensdorf Airfield
8%
Avalon Small Yes Alpenblick Airfield
8%
Aesir Military No Base 23 Road Airstrip
8%
Avalon Large Yes Bokingham Airport
8%
Aesir Small No Brunswick Depot Airstrip
8%
Avalon Large Yes East Cove Airport
8%
Eisenyarsk Hospital Yes Eisenhardt General Hospital
8%
Oconia Hospital Yes Fiskar University Hospital
8%
Oconia Hospital Yes Harden Medical Center
8%
Aesir Small No Idéa Airfield
8%
Aesir Heliport Yes Iskander Research Outpost
8%
Oconia Hospital Yes Kitesboro University Hospital
8%
Avalon Large Yes Lifval Aerolympic Airport
8%
Avalon Small Yes Morgenroete Park
8%
Avalon Small Yes Ness Aerodrome
8%
Oconia Hospital Yes New Englandtown General Hospital
8%
Tselinoyarsk Hospital Yes Novoaralsk Surgery Center
8%
Oconia Heliport No Oconee Observatory
8%
Alavega Small Yes Paredal Aerodrome
8%
Avalon Small Yes Petwyn Airfield
8%
Kyokkou Military No Pulau Beras AFB
8%
Tselinoyarsk Hospital Yes Riskhorosh Community Clinic
8%
Avalon Small Yes Sharra Beach Strip
8%
Aesir Military No Skjoldvegg Joint National Outpost
8%
Aesir Heliport Yes Snjósteppa Heliport
8%
Aesir Heliport No Solange Arctic Research Station
8%
Aesir Small No Stormbard Scientific Station
8%
Aesir Small No Sunrise Hills Airfield
8%
Avalon Small Yes Terfeld Farm Aerodrome
8%
Avalon Small Yes Tierdam Airfield
8%
Avalon Small Yes Trivlon Airfield
8%
Avalon Small Yes Warton Aerodrome
8%
Avalon Small Yes Yoeshaw Museum Airfield
8%
Aesir Small No Chicorida Campsite Bushfield
0%
Avalon Small Yes Emmelburg Airfield
0%
Aesir Small No Fjonndur Gravel Strip
0%
Aesir Small No Frosinnvöllur Glacier Base Airfield
0%
Aesir Hospital Yes General Hospital of Aska
0%
Aesir Heliport No Hálendið Farm Heliport
0%
Aesir Small No Havsiden Airstrip
0%
Avalon Small Yes Highburn Airfield
0%
Alavega Hospital Yes Hipe Clinic Helipad
0%
Alavega Hospital Yes Hospital Geral de Cantaloa
0%
Aesir Small No Iceheart Lake Outpost
0%
Aesir Small No Kerfuffle Campsite Bushfield
0%
Tselinoyarsk Hospital Yes Malavat Clinic Helipad
0%
Avalon Small Yes Marholt Airfield
0%
Avalon Small Yes Nofberg Airfield
0%
Aesir Small No Norðurhryggur Radar Station
0%
Aesir Small No Odin's Farm Field
0%
Aesir Small No Ogon' Research Outpost
0%
Kyokkou Heliport No Periyamin Tower Helipad
0%
Kyokkou Small No Purlaya Field
0%
Aesir Small No Sandvöllur Airfield
0%
Alavega Hospital Yes Santa Mortica Surgery Center
0%
Aesir Small No Sienmann Radar Observatory
0%
Aesir Small No Skogafrost Airfield
0%
Aesir Heliport No Svanar á Garskanti Heliport
0%
Avalon Small Yes Tadaen Farm Airfield
0%
Kyokkou Small Yes Tousunai Airfield
0%
Avalon Small Yes Tyrakov Airfield
0%
Kyokkou Heliport No UASA Tower Helipad
0%
No matching quizzes found
Score Distribution
Percent of People with Each Score
Percentile by Number Answered
Your Score History
You have not taken this quiz